[Event "XX Miedzynarodowy Turniej Szachowy"]
[Site "XX Miedzynarodowy Turniej Szac"]
[Date "2013.07.15"]
[Round "8.2"]
[White "Paprocki, Jaroslaw"]
[Black "Sieciechowicz, Marcin"]
[Result "1/2-1/2"]
[WhiteElo "2218"]
[BlackElo "2462"]
[PlyCount "38"]
[EventDate "2013.??.??"]

1. e4 c5 2. Nf3 d6 3. d4 cxd4 4. Nxd4 Nf6 5. Nc3 a6 6. Be2 e5 7. Nf3 Be7 8. O-O
O-O 9. a4 h6 10. Nd2 Be6 11. Nc4 Qc7 12. Ne3 Nbd7 13. Nf5 Bxf5 14. exf5 Rfd8
15. Bf3 Rac8 16. Be3 Nc5 17. Nd5 Nxd5 18. Bxd5 Bf6 19. Qg4 e4 1/2-1/2

[Event "XX Miedzynarodowy Turniej Szachowy"]
[Site "XX Miedzynarodowy Turniej Szac"]
[Date "2013.07.15"]
[Round "8.3"]
[White "Zielinski, Wojciech"]
[Black "Siembab, Bartosz"]
[Result "1/2-1/2"]
[WhiteElo "2154"]
[BlackElo "2258"]
[PlyCount "58"]
[EventDate "2013.??.??"]

1. b3 d5 2. Bb2 Bg4 3. f3 Bf5 4. e3 c5 5. d4 cxd4 6. Bxd4 Nc6 7. Bd3 Bxd3 8.
Qxd3 e5 9. Bc3 Nf6 10. Ne2 Qb6 11. a4 a6 12. a5 Qc7 13. O-O Bc5 14. Kh1 O-O-O
15. Ra4 Rhe8 16. b4 e4 17. fxe4 dxe4 18. Qc4 Ng4 19. Ng3 Bxe3 20. b5 Nf2+ 21.
Kg1 axb5 22. Qxb5 Rd1 23. a6 Ba7 24. axb7+ Kb8 25. Rxa7 Kxa7 26. Kxf2 Rxf1+ 27.
Kxf1 e3 28. Qa4+ Kxb7 29. Qb5+ Kc8 1/2-1/2

[Event "XX Miedzynarodowy Turniej Szachowy"]
[Site "XX Miedzynarodowy Turniej Szac"]
[Date "2013.07.15"]
[Round "8.4"]
[White "Jaroch, Karol"]
[Black "Rak, Tomasz"]
[Result "1-0"]
[WhiteElo "2241"]
[BlackElo "2023"]
[PlyCount "39"]
[EventDate "2013.??.??"]

1. e4 c5 2. Nc3 Nc6 3. g3 e6 4. Bg2 Nge7 5. Nge2 d5 6. exd5 exd5 7. O-O d4 8.
Ne4 Nd5 9. c4 Nc7 10. Nf4 Be7 11. Nd3 Na6 12. f4 O-O 13. f5 f6 14. g4 Bd6 15.
Nxd6 Qxd6 16. Nf4 Nc7 17. d3 Ne5 18. b4 b6 19. bxc5 bxc5 20. Bxa8 1-0

[Event "XX Miedzynarodowy Turniej Szachowy"]
[Site "XX Miedzynarodowy Turniej Szac"]
[Date "2013.07.15"]
[Round "8.5"]
[White "Zebracki, Tomasz"]
[Black "Budrewicz, Krzysztof"]
[Result "1-0"]
[WhiteElo "1929"]
[BlackElo "2196"]
[PlyCount "47"]
[EventDate "2013.??.??"]

1. e4 c5 2. Nf3 e6 3. c3 Nf6 4. e5 Nd5 5. d4 cxd4 6. cxd4 Nc6 7. Nc3 Nxc3 8.
bxc3 d6 9. exd6 Bxd6 10. Bd3 h6 11. O-O Bd7 12. Re1 Kf8 13. Rb1 b6 14. Bd2 Rc8
15. c4 Be8 16. Bc3 Be7 17. Qd2 Bf6 18. Bc2 Ne7 19. Bb3 Kg8 20. Bb2 b5 21. cxb5
Bxb5 22. d5 Bxb2 23. Rxb2 exd5 24. Qb4 1-0

[Event "XX Miedzynarodowy Turniej Szachowy"]
[Site "XX Miedzynarodowy Turniej Szac"]
[Date "2013.07.15"]
[Round "8.6"]
[White "Karpus, Michal"]
[Black "Renkowski, Piotr"]
[Result "0-1"]
[WhiteElo "1764"]
[BlackElo "2004"]
[PlyCount "76"]
[EventDate "2013.??.??"]

1. e4 c5 2. c3 e6 3. d4 d5 4. e5 Nc6 5. Nf3 Qb6 6. Be2 cxd4 7. cxd4 Nge7 8. Nc3
Nf5 9. Na4 Qa5+ 10. Nc3 Bb4 11. Qd3 Qb6 12. Be3 Nxe3 13. fxe3 Be7 14. Qd2 f6
15. exf6 Bxf6 16. O-O-O Bd7 17. Kb1 O-O-O 18. Rc1 Kb8 19. Rhd1 Be8 20. g4 h6
21. h4 Bg6+ 22. Ka1 Be4 23. Na4 Qb4 24. Nc5 Bxf3 25. Bxf3 Qxd2 26. Rxd2 Rhe8
27. h5 Bg5 28. Re1 b6 29. Na4 e5 30. dxe5 Nxe5 31. Bxd5 Nf3 32. Bxf3 Rxd2 33.
Nc3 Rxe3 34. Rf1 Bf6 35. Bc6 Bxc3 36. bxc3 Rxc3 37. Be8 Rcc2 38. Bf7 Rf2 0-1

[Event "XX Miedzynarodowy Turniej Szachowy"]
[Site "XX Miedzynarodowy Turniej Szac"]
[Date "2013.07.15"]
[Round "8.7"]
[White "Sliwicki, Damian"]
[Black "Krainski, Slawomir"]
[Result "1/2-1/2"]
[WhiteElo "2027"]
[BlackElo "2035"]
[PlyCount "85"]
[EventDate "2013.??.??"]

1. e4 e5 2. Nf3 Nc6 3. d4 exd4 4. Nxd4 Bb4+ 5. c3 Bc5 6. Be3 Bb6 7. Bc4 Nf6 8.
O-O O-O 9. Nxc6 bxc6 10. e5 Nd5 11. Bxd5 cxd5 12. Qxd5 Rb8 13. Bxb6 Rxb6 14.
Qd2 Ba6 15. Re1 Bb7 16. f3 Qh4 17. Re2 Rh6 18. h3 Rg6 19. Qd3 Ba6 20. c4 Bxc4
21. Qe4 Qxe4 22. Rxe4 Bd5 23. Re3 Rb8 24. b3 Re8 25. Nc3 Bc6 26. Rd1 Rg5 27.
Rde1 Rg6 28. b4 a6 29. a4 Rb8 30. Rb1 Kf8 31. b5 axb5 32. axb5 Bb7 33. Na4 Ke8
34. Rc1 Kd8 35. Rec3 Bd5 36. Rd3 Rxb5 37. Nc3 Bc4 38. Rd4 Rb2 39. Rxc4 Rgxg2+
40. Kh1 Rh2+ 41. Kg1 Rhg2+ 42. Kh1 Rh2+ 43. Kg1 1/2-1/2

[Event "XX Miedzynarodowy Turniej Szachowy"]
[Site "XX Miedzynarodowy Turniej Szac"]
[Date "2013.07.15"]
[Round "8.8"]
[White "Kamieniecki, Tomasz"]
[Black "Machlowski, Slawomir"]
[Result "1-0"]
[WhiteElo "1963"]
[BlackElo "2159"]
[PlyCount "123"]
[EventDate "2013.??.??"]

1. d4 c5 2. d5 e6 3. c4 exd5 4. cxd5 d6 5. Nc3 Ne7 6. e4 Ng6 7. f4 Be7 8. Nf3
Bf6 9. Bc4 O-O 10. O-O Na6 11. Kh1 Nc7 12. Qc2 Re8 13. Bd2 Rb8 14. a4 a6 15. a5
Bd7 16. Rae1 Nb5 17. Na4 Bg4 18. Bxb5 axb5 19. Nb6 Bh4 20. g3 Bf6 21. Kg2 Re7
22. h3 Bxf3+ 23. Rxf3 Rc7 24. Bc3 Qe7 25. Bxf6 gxf6 26. Rfe3 Qf8 27. Qb3 b4 28.
Qd1 Qg7 29. Kh2 c4 30. Qd4 f5 31. Qxg7+ Kxg7 32. exf5 Nf8 33. Rc1 c3 34. bxc3
Rc5 35. c4 Rxa5 36. Rb1 Ra2+ 37. Kg1 Rd8 38. Rxb4 Nd7 39. Nxd7 Rxd7 40. Reb3
Re7 41. Rb2 Re1+ 42. Kf2 Raa1 43. g4 Rh1 44. Kg3 h5 45. gxh5 Raf1 46. Rxb7
Rhg1+ 47. Rg2 Rxg2+ 48. Kxg2 Rxf4 49. Rd7 Rxc4 50. Rxd6 Rf4 51. h6+ Kh7 52. Rf6
Kg8 53. d6 Ra4 54. Kg3 Rd4 55. h4 Kh7 56. h5 Kg8 57. Kf3 Rd1 58. Ke4 Rd2 59.
Ke5 Rd1 60. h7+ Kxh7 61. Rxf7+ Kg8 62. Re7 1-0

[Event "XX Miedzynarodowy Turniej Szachowy"]
[Site "XX Miedzynarodowy Turniej Szac"]
[Date "2013.07.15"]
[Round "8.9"]
[White "Teclaf, Pawel"]
[Black "Kowalczyk, Rafal"]
[Result "0-1"]
[WhiteElo "1863"]
[BlackElo "2135"]
[PlyCount "90"]
[EventDate "2013.??.??"]

1. e4 e5 2. Nf3 Nc6 3. Bb5 f5 4. d3 fxe4 5. dxe4 Nf6 6. O-O Bc5 7. Qd3 d6 8.
Qc4 Bd7 9. Nc3 Bb6 10. Bg5 h6 11. Bh4 a6 12. Bxc6 Bxc6 13. Rad1 Qe7 14. Bxf6
Qxf6 15. Nd5 Bxd5 16. Qxd5 O-O-O 17. a4 g5 18. b4 h5 19. a5 c6 20. Qb3 Ba7 21.
b5 axb5 22. c4 bxc4 23. Qxc4 Bc5 24. Ne1 Kc7 25. Nd3 Qe7 26. Nxc5 dxc5 27. Qb3
Rxd1 28. Rxd1 Rd8 29. Rb1 Kb8 30. g3 Rd4 31. Ra1 Rb4 32. Qg8+ Ka7 33. a6 bxa6
34. Qc8 Qb7 35. Qe6 Rb1+ 36. Rxb1 Qxb1+ 37. Kg2 Qxe4+ 38. Kg1 h4 39. Qd7+ Kb6
40. Qd8+ Kb5 41. Qb8+ Kc4 42. Qb6 h3 43. Qxa6+ Kd5 44. Qa2+ c4 45. Qd2+ Ke6 0-1

[Event "XX Miedzynarodowy Turniej Szachowy"]
[Site "XX Miedzynarodowy Turniej Szac"]
[Date "2013.07.15"]
[Round "8.10"]
[White "Zielinski, Olgierd"]
[Black "Kaczmarek, Arkadiusz"]
[Result "1/2-1/2"]
[WhiteElo "1900"]
[BlackElo "2027"]
[PlyCount "38"]
[EventDate "2013.??.??"]

1. e4 e6 2. d4 d5 3. Nc3 Bb4 4. e5 c5 5. a3 Bxc3+ 6. bxc3 Ne7 7. h4 Nbc6 8. h5
Qa5 9. Bd2 Bd7 10. h6 gxh6 11. Rb1 Qc7 12. Nf3 Ng8 13. Bd3 O-O-O 14. g3 c4 15.
Be2 Qa5 16. Qc1 Rf8 17. Qb2 b6 18. a4 Nce7 19. Ra1 Bxa4 1/2-1/2

[Event "XX Miedzynarodowy Turniej Szachowy"]
[Site "XX Miedzynarodowy Turniej Szac"]
[Date "2013.07.15"]
[Round "8.11"]
[White "Smal, Tobiasz"]
[Black "Tarczykowski, Janusz"]
[Result "1-0"]
[WhiteElo "1893"]
[BlackElo "2026"]
[PlyCount "89"]
[EventDate "2013.??.??"]

1. e4 c5 2. d4 cxd4 3. Nf3 g6 4. c3 Bg7 5. cxd4 d5 6. e5 Bg4 7. Be2 Bxf3 8.
Bxf3 e6 9. Qb3 Qd7 10. Nc3 Ne7 11. Be3 O-O 12. O-O Nbc6 13. Bg4 Na5 14. Qa4
Nec6 15. Be2 Qe7 16. Nb5 a6 17. Nd6 b5 18. Qa3 Nb7 19. Rfc1 Nxd6 20. Rxc6 Nf5
21. Qxe7 Nxe7 22. Rc7 Rfe8 23. Bd3 f6 24. f4 Kf7 25. Rac1 Bh6 26. Kf2 fxe5 27.
fxe5 Bxe3+ 28. Kxe3 Rec8 29. b3 Rxc7 30. Rxc7 b4 31. Kd2 a5 32. Rb7 Kf8 33. Bb5
Nf5 34. Bd7 Nxd4 35. Kd3 Nf5 36. Bxe6 Ne7 37. Kd4 a4 38. Kc5 axb3 39. axb3 Ra5+
40. Kd6 Ra6+ 41. Kd7 Nc6 42. Bxd5 Nxe5+ 43. Kc7 Nd3 44. Bc4 Nf4 45. Bxa6 1-0

[Event "XX Miedzynarodowy Turniej Szachowy"]
[Site "XX Miedzynarodowy Turniej Szac"]
[Date "2013.07.15"]
[Round "8.13"]
[White "Rozycki, Bartlomiej"]
[Black "Wisniewski, Szymon"]
[Result "1-0"]
[WhiteElo "2064"]
[BlackElo "1791"]
[PlyCount "101"]
[EventDate "2013.??.??"]

1. e4 c5 2. Nf3 Nc6 3. Bb5 g6 4. Bxc6 dxc6 5. h3 Bg7 6. d3 Nf6 7. Nc3 O-O 8.
Be3 b6 9. O-O Qc7 10. Qd2 Bb7 11. Bf4 Qd7 12. Bh6 Rad8 13. Bxg7 Kxg7 14. Qe3
Qc7 15. Nh2 Qd7 16. Ne2 c4 17. e5 Nd5 18. Qd4 Qe6 19. dxc4 Nb4 20. Qc3 c5 21.
Ng4 h5 22. Ne3 Nc6 23. f4 Nd4 24. Qe1 Be4 25. Rc1 Nxe2+ 26. Qxe2 Rd7 27. Rcd1
Rfd8 28. Rxd7 Rxd7 29. Rd1 Bc6 30. Rxd7 Qxd7 31. Qd3 Qxd3 32. cxd3 f6 33. exf6+
Kxf6 34. g3 e5 35. fxe5+ Kxe5 36. Kf2 Kd4 37. Ke2 Ba4 38. Kd2 Bd7 39. h4 Bh3
40. Nd5 b5 41. Nf4 Bd7 42. cxb5 Bxb5 43. Ne6+ Ke5 44. Nxc5 Kf5 45. Ke3 Kg4 46.
Kf2 a5 47. b3 Bc6 48. a3 Bd5 49. b4 axb4 50. axb4 Bc6 51. d4 1-0

[Event "XX Miedzynarodowy Turniej Szachowy"]
[Site "XX Miedzynarodowy Turniej Szac"]
[Date "2013.07.15"]
[Round "8.14"]
[White "Zurkowski, Andrzej"]
[Black "Wacior, Maciej"]
[Result "0-1"]
[WhiteElo "2020"]
[BlackElo "1758"]
[PlyCount "100"]
[EventDate "2013.??.??"]

1. b3 d5 2. Bb2 Nf6 3. e3 Bf5 4. f4 e6 5. Nf3 a6 6. Be2 c5 7. O-O Nc6 8. h3 h6
9. d3 Qb6 10. Qc1 Rc8 11. Ne5 Nxe5 12. fxe5 Nd7 13. c4 Bg6 14. Nd2 d4 15. exd4
cxd4 16. Nf3 Bc5 17. Qf4 O-O 18. Kh1 Rcd8 19. Qg3 Qc7 20. Bc1 Kh8 21. Bf4 Bh7
22. Qh4 Rg8 23. Bh2 Nf8 24. g4 Ng6 25. Qf2 Qc6 26. Kg1 Be7 27. h4 f6 28. h5 Nf8
29. exf6 gxf6 30. Qh4 Nd7 31. Ne5 fxe5 32. Qxe7 Bxd3 33. Rf7 Qe4 34. Bf3 Qe3+
35. Kh1 Qg5 36. Qxe6 Rge8 37. Qd6 Nf8 38. Qb6 e4 39. Rf5 Qg7 40. Bg2 Nd7 41.
Qxb7 e3 42. Rd5 e2 43. Re1 Qxg4 44. Qc6 Re6 45. Qc7 Rg8 46. Bg3 Nf6 47. Kh2 Re3
48. Bh3 Qxg3+ 49. Qxg3 Rgxg3 50. Rd6 Kg7 0-1

[Event "XX Miedzynarodowy Turniej Szachowy"]
[Site "XX Miedzynarodowy Turniej Szac"]
[Date "2013.07.15"]
[Round "8.15"]
[White "Sobczynski, Roman"]
[Black "Bes, Michal"]
[Result "1-0"]
[WhiteElo "1880"]
[BlackElo "2000"]
[PlyCount "153"]
[EventDate "2013.??.??"]

1. e4 c5 2. Nf3 d6 3. d4 cxd4 4. Nxd4 Nf6 5. Nc3 a6 6. Bc4 e5 7. Nde2 Be7 8.
O-O O-O 9. Ng3 b5 10. Bd5 Nxd5 11. Nxd5 Be6 12. Nf5 Bxf5 13. exf5 Nd7 14. Qd3
Nb6 15. Rd1 Nxd5 16. Qxd5 Qc8 17. Qe4 Ra7 18. a4 Rc7 19. axb5 axb5 20. c3 Rc4
21. Qd5 Rc5 22. Qf3 d5 23. Be3 d4 24. cxd4 exd4 25. Bxd4 Rxf5 26. Qe4 Bf6 27.
Rac1 Qe6 28. Qxe6 fxe6 29. Bxf6 R8xf6 30. f3 Kf7 31. Kf2 Kg6 32. Rd7 Rf7 33.
Rd4 Kf6 34. Rc6 Re7 35. g4 Rg5 36. h4 Rg6 37. Rc5 e5 38. Rd6+ Kf7 39. Rxg6 Kxg6
40. Rxb5 e4 41. Rb6+ Kf7 42. f4 e3+ 43. Ke2 Re4 44. Rb7+ Kf6 45. g5+ Kg6 46.
h5+ Kxh5 47. Rxg7 Rxf4 48. Kxe3 Rb4 49. Rxh7+ Kxg5 50. Rh2 Kf5 51. Kd3 Ke5 52.
Kc3 Rg4 53. Rd2 Rh4 54. b4 Ke6 55. Kb3 Ke7 56. Ka4 Rh1 57. Ka5 Ra1+ 58. Kb6 Rb1
59. b5 Ke8 60. Ka6 Ra1+ 61. Kb7 Rb1 62. b6 Ke7 63. Ka7 Ke8 64. b7 Ra1+ 65. Kb8
Ke7 66. Rd5 Ke6 67. Rc5 Kd7 68. Rc7+ Kd8 69. Rc4 Kd7 70. Rd4+ Ke7 71. Kc7 Rc1+
72. Kb6 Rb1+ 73. Kc6 Ke6 74. Re4+ Kf5 75. Rc4 Ke6 76. Kc7 Kd5 77. Rc2 1-0

[Event "XX Miedzynarodowy Turniej Szachowy"]
[Site "XX Miedzynarodowy Turniej Szac"]
[Date "2013.07.15"]
[Round "8.16"]
[White "Szopieraj, Dariusz"]
[Black "Kindler, Przemyslaw"]
[Result "1-0"]
[WhiteElo "2069"]
[BlackElo "1768"]
[PlyCount "39"]
[EventDate "2013.??.??"]

1. Nf3 d5 2. c4 Nc6 3. cxd5 Qxd5 4. Nc3 Qd8 5. d4 e6 6. g3 Bb4 7. Bg2 Nge7 8.
O-O Nf5 9. e3 O-O 10. a3 Be7 11. Qc2 Bf6 12. Ne4 Qe7 13. b4 a5 14. b5 Na7 15.
a4 e5 16. Bb2 Nd6 17. Nxf6+ gxf6 18. Rfc1 Re8 19. Qxc7 Qxc7 20. Rxc7 1-0

[Event "XX Miedzynarodowy Turniej Szachowy"]
[Site "XX Miedzynarodowy Turniej Szac"]
[Date "2013.07.15"]
[Round "8.17"]
[White "Sliwicka, Alicja"]
[Black "Balkiewicz, Henryk"]
[Result "1-0"]
[WhiteElo "1817"]
[BlackElo "1808"]
[PlyCount "83"]
[EventDate "2013.??.??"]

1. e4 c6 2. d4 d5 3. exd5 cxd5 4. c4 Nf6 5. Nc3 e6 6. c5 Be7 7. Nf3 Nc6 8. a3
O-O 9. Bd3 Qc7 10. O-O e5 11. Nb5 Qb8 12. dxe5 Nxe5 13. Nxe5 Qxe5 14. Re1 Ne4
15. Be3 f5 16. f3 a6 17. fxe4 axb5 18. exd5 Qxd5 19. Bxb5 Qf7 20. Qe2 Qg6 21.
Bd4 Bg5 22. Qc4+ Kh8 23. Re2 f4 24. c6 Bg4 25. cxb7 Rab8 26. Rf2 Bh4 27. Rd2 f3
28. g3 Bxg3 29. hxg3 Be6 30. Qc7 Rxb7 31. Qxb7 Qxg3+ 32. Kh1 Qh4+ 33. Rh2 Qxd4
34. Qe7 Rd8 35. Qxe6 Qd1+ 36. Qe1 Qd5 37. Rxh7+ Kg8 38. Rh8+ Kf7 39. Be8+ Kf6
40. Rf8+ Kg5 41. Qg3+ Kh6 42. Rh8# 1-0

[Event "XX Miedzynarodowy Turniej Szachowy"]
[Site "XX Miedzynarodowy Turniej Szac"]
[Date "2013.07.15"]
[Round "8.18"]
[White "Pawlowski, Pawel"]
[Black "Rogalski, Krzysztof"]
[Result "1/2-1/2"]
[WhiteElo "1804"]
[BlackElo "1821"]
[PlyCount "59"]
[EventDate "2013.??.??"]

1. Nf3 d5 2. c4 e6 3. g3 c5 4. cxd5 exd5 5. d4 Nf6 6. Bg2 Nc6 7. Nc3 Be6 8. O-O
Be7 9. e3 h6 10. b3 O-O 11. Bb2 Rc8 12. Rc1 Qa5 13. a3 cxd4 14. exd4 b5 15. b4
Qb6 16. Re1 Rfd8 17. h3 a6 18. Qd3 Ne8 19. Ne2 Nd6 20. Nf4 Nc4 21. Ba1 Rd6 22.
Nxe6 Rxe6 23. Rxe6 fxe6 24. Re1 Nd8 25. Nh2 Rc7 26. Ng4 Nd6 27. h4 Qc6 28. Ne3
Nc4 29. Ng4 Nd6 30. Bf1 1/2-1/2

[Event "XX Miedzynarodowy Turniej Szachowy"]
[Site "XX Miedzynarodowy Turniej Szac"]
[Date "2013.07.15"]
[Round "8.19"]
[White "Augustowski, Janusz"]
[Black "Chylewski, Patryk"]
[Result "1-0"]
[WhiteElo "1860"]
[BlackElo "1740"]
[PlyCount "85"]
[EventDate "2013.??.??"]

1. d4 Nf6 2. Nf3 g6 3. g3 Bg7 4. Bg2 O-O 5. O-O d5 6. b3 c5 7. Bb2 Nc6 8. Nbd2
Ne4 9. e3 Bg4 10. h3 Nxd2 11. Qxd2 Bf5 12. Nh4 Be4 13. f3 Bf5 14. Nxf5 gxf5 15.
c3 cxd4 16. exd4 Qc7 17. f4 e6 18. Rae1 Rac8 19. Re3 Nb8 20. Qe2 Nd7 21. Ba3
Rfd8 22. Be7 Re8 23. Bh4 Qb6 24. Kh2 Qd6 25. g4 fxg4 26. hxg4 f6 27. Bg3 e5 28.
fxe5 fxe5 29. Rf5 Qh6+ 30. Rh5 Qg6 31. Bxd5+ Kh8 32. Be4 Qb6 33. Rxh7+ Kg8 34.
Bf5 Nf6 35. Rxg7+ Kxg7 36. Bxc8 Rxc8 37. Bxe5 Rh8+ 38. Kg3 Rf8 39. Rf3 Kg8 40.
Qc4+ Kh8 41. Qb4 Qd8 42. Qxf8+ Qxf8 43. Rxf6 1-0

[Event "XX Miedzynarodowy Turniej Szachowy"]
[Site "XX Miedzynarodowy Turniej Szac"]
[Date "2013.07.16"]
[Round "9.2"]
[White "Renkowski, Piotr"]
[Black "Sieciechowicz, Marcin"]
[Result "0-1"]
[WhiteElo "2004"]
[BlackElo "2462"]
[PlyCount "90"]
[EventDate "2013.??.??"]

1. e4 c5 2. Nf3 d6 3. c3 Nf6 4. Be2 Bd7 5. d3 g6 6. O-O Bg7 7. h3 O-O 8. Be3 e5
9. Nbd2 Bc6 10. Nh2 Qe7 11. f4 Bh6 12. Qe1 Nbd7 13. Qh4 Bxf4 14. Bxf4 exf4 15.
Rxf4 Kg7 16. d4 Rae8 17. d5 Bxd5 18. Bd3 Bc6 19. Raf1 Nh5 20. Qxe7 Rxe7 21.
R4f2 Ng3 22. Rd1 Nf6 23. Nhf1 Ngxe4 24. Nxe4 Bxe4 25. Ng3 Bxd3 26. Rxd3 d5 27.
Ne2 Rd8 28. Nf4 Red7 29. Rfd2 d4 30. cxd4 Rxd4 31. Rxd4 Rxd4 32. Rxd4 cxd4 33.
Kf2 Ne4+ 34. Ke2 Nc5 35. b4 Ne6 36. Nd5 f5 37. Ne7 Kf6 38. Nc8 a6 39. Nd6 b5
40. Kd3 Ke5 41. Nf7+ Kf4 42. Nd6 Kg3 43. Nb7 Kxg2 44. Nc5 Nc7 45. h4 f4 0-1

[Event "XX Miedzynarodowy Turniej Szachowy"]
[Site "XX Miedzynarodowy Turniej Szac"]
[Date "2013.07.16"]
[Round "9.3"]
[White "Siembab, Bartosz"]
[Black "Jaroch, Karol"]
[Result "1-0"]
[WhiteElo "2258"]
[BlackElo "2241"]
[PlyCount "73"]
[EventDate "2013.??.??"]

1. c4 e6 2. Nf3 d5 3. g3 Nf6 4. Bg2 Be7 5. O-O O-O 6. cxd5 exd5 7. d4 c6 8. Nc3
Bf5 9. Bf4 Nbd7 10. Ne5 Nxe5 11. dxe5 Nd7 12. e4 dxe4 13. Nxe4 Nc5 14. Nd6 Bd3
15. Re1 Ba6 16. Qg4 Bxd6 17. Bh6 Ne6 18. exd6 Qf6 19. Be3 Rfd8 20. Rad1 Rd7 21.
h4 Qg6 22. Qb4 Qc2 23. Rc1 Qg6 24. Bh3 Rad8 25. Red1 Be2 26. Rd2 Bf3 27. Bxa7
Ra8 28. Bb6 Rxa2 29. Qb3 Ra6 30. Bc7 Bg4 31. Bxg4 Qxg4 32. Qxb7 Ra4 33. Qxc6
Nf4 34. Re1 h5 35. b3 Ra3 36. Re8+ Kh7 37. Qe4+ 1-0

[Event "XX Miedzynarodowy Turniej Szachowy"]
[Site "XX Miedzynarodowy Turniej Szac"]
[Date "2013.07.16"]
[Round "9.4"]
[White "Kukula, Pawel"]
[Black "Paprocki, Jaroslaw"]
[Result "0-1"]
[WhiteElo "2250"]
[BlackElo "2218"]
[PlyCount "92"]
[EventDate "2013.??.??"]

1. d4 Nf6 2. c4 e6 3. Nf3 b6 4. e3 Bb7 5. Bd3 d5 6. cxd5 exd5 7. O-O Bd6 8. Nc3
O-O 9. b3 a6 10. Ne5 Nbd7 11. f4 Ne4 12. Bb2 Qe7 13. Rf3 f5 14. Rh3 Ndf6 15.
Nxe4 fxe4 16. Be2 Bc8 17. g4 g6 18. Rh6 Kg7 19. g5 Ng8 20. Rh4 h6 21. gxh6+ Kh7
22. Qe1 Bxe5 23. dxe5 g5 24. fxg5 Qxg5+ 25. Qg3 Qxg3+ 26. hxg3 Ne7 27. g4 Be6
28. b4 c6 29. Bd4 Ng6 30. Rh5 a5 31. bxa5 c5 32. Bc3 bxa5 33. Rf1 Rxf1+ 34.
Kxf1 a4 35. Kf2 Rd8 36. Ba5 Rf8+ 37. Kg3 d4 38. exd4 cxd4 39. Bb6 d3 40. Bd1 a3
41. Rh2 Rf1 42. Rd2 Nxe5 43. Bb3 Bxb3 44. axb3 Nf3 45. Rf2 Rxf2 46. Kxf2 a2 0-1

[Event "XX Miedzynarodowy Turniej Szachowy"]
[Site "XX Miedzynarodowy Turniej Szac"]
[Date "2013.07.16"]
[Round "9.5"]
[White "Krainski, Slawomir"]
[Black "Zielinski, Wojciech"]
[Result "0-1"]
[WhiteElo "2035"]
[BlackElo "2154"]
[PlyCount "70"]
[EventDate "2013.??.??"]

1. d4 e6 2. Bf4 Nf6 3. e3 c5 4. Nf3 b6 5. c3 Ba6 6. Bxa6 Nxa6 7. O-O Be7 8. h3
O-O 9. a4 Qc8 10. Nbd2 Qb7 11. Qe2 Rac8 12. Rfe1 Rfd8 13. Bg5 h6 14. Bh4 Nb8
15. e4 d5 16. exd5 Nxd5 17. Bxe7 Qxe7 18. Ne4 Nd7 19. a5 cxd4 20. Nxd4 Nc5 21.
axb6 axb6 22. Qf3 Nxe4 23. Rxe4 Qf6 24. Qxf6 Nxf6 25. Ree1 Rd5 26. Ra6 Nd7 27.
Rea1 Kf8 28. Ra8 Rxa8 29. Rxa8+ Ke7 30. Kf1 g6 31. Ke2 Kd6 32. Rc8 Ra5 33. Rc6+
Kd5 34. b4 Ra2+ 35. Kf3 Ne5+ 0-1

[Event "XX Miedzynarodowy Turniej Szachowy"]
[Site "XX Miedzynarodowy Turniej Szac"]
[Date "2013.07.16"]
[Round "9.6"]
[White "Budrewicz, Krzysztof"]
[Black "Kamieniecki, Tomasz"]
[Result "1-0"]
[WhiteElo "2196"]
[BlackElo "1963"]
[PlyCount "103"]
[EventDate "2013.??.??"]

1. d4 g6 2. e4 Bg7 3. h4 d6 4. Nc3 c6 5. h5 e5 6. Nge2 Qc7 7. Be3 Nf6 8. h6 Bf8
9. f3 Nbd7 10. Qd2 exd4 11. Nxd4 Ne5 12. O-O-O Bd7 13. Qf2 Be7 14. Be2 O-O 15.
Qg3 b5 16. Nf5 Bxf5 17. exf5 Qa5 18. Kb1 Nc4 19. Bc1 Qb4 20. Bxc4 bxc4 21. fxg6
fxg6 22. Qh3 Rab8 23. Qe6+ Rf7 24. Ka1 Ne8 25. a3 Qc5 26. Be3 Qa5 27. Qxc4 d5
28. Qa4 Qxa4 29. Nxa4 Nd6 30. Ka2 Nf5 31. Bd2 Bf8 32. c3 Re8 33. Rde1 Rfe7 34.
Rxe7 Rxe7 35. Re1 Rxe1 36. Bxe1 Bxh6 37. Bf2 Be3 38. Bxe3 Nxe3 39. g4 Nc4 40.
Kb3 Ne5 41. Kb4 g5 42. Nc5 Kf7 43. Ka5 Nxf3 44. Ka6 Ne5 45. Kxa7 Nxg4 46. a4
Ne5 47. Nb3 Nc4 48. Kb7 g4 49. Nc1 c5 50. Ne2 Ke6 51. Kc6 Nxb2 52. a5 1-0

[Event "XX Miedzynarodowy Turniej Szachowy"]
[Site "XX Miedzynarodowy Turniej Szac"]
[Date "2013.07.16"]
[Round "9.7"]
[White "Kowalczyk, Rafal"]
[Black "Sliwicki, Damian"]
[Result "0-1"]
[WhiteElo "2135"]
[BlackElo "2027"]
[PlyCount "72"]
[EventDate "2013.??.??"]

1. e4 c5 2. c3 d5 3. exd5 Qxd5 4. d4 Nc6 5. dxc5 Qxc5 6. Na3 Nf6 7. Nb5 Qe5+ 8.
Be3 Bg4 9. Nf3 Bxf3 10. Qxf3 O-O-O 11. Be2 a6 12. Na3 Qe4 13. Nc4 e6 14. Qg3
Nd5 15. Rd1 b5 16. Bd3 Nxc3 17. Nb6+ Kb7 18. bxc3 Rxd3 19. O-O Rxd1 20. Rxd1
Bd6 21. Qxg7 Rd8 22. Qxf7+ Bc7 23. Re1 Ne5 24. Qe7 Rg8 25. Kf1 Qxg2+ 26. Ke2
Qg4+ 27. Kf1 Qh3+ 28. Ke2 Qh5+ 29. Kf1 Nf3 30. Rc1 Nxh2+ 31. Ke1 Nf3+ 32. Kf1
Rg1+ 33. Ke2 Rxc1 34. Bxc1 Ne5+ 35. Kd2 Qf5 36. Ke1 Kxb6 0-1

[Event "XX Miedzynarodowy Turniej Szachowy"]
[Site "XX Miedzynarodowy Turniej Szac"]
[Date "2013.07.16"]
[Round "9.8"]
[White "Rak, Tomasz"]
[Black "Smal, Tobiasz"]
[Result "1-0"]
[WhiteElo "2023"]
[BlackElo "1893"]
[PlyCount "101"]
[EventDate "2013.??.??"]

1. Nf3 Nf6 2. d4 g6 3. c4 Bg7 4. Nc3 O-O 5. e4 d6 6. h3 e5 7. d5 a5 8. Bg5 Qe8
9. g4 Nfd7 10. Qd2 Nc5 11. Nh4 Nba6 12. Be2 Bd7 13. Rh2 Nb4 14. Kf1 f6 15. Be3
Qe7 16. Ng2 f5 17. Bxc5 dxc5 18. a3 Na6 19. Rd1 Rad8 20. d6 cxd6 21. gxf5 gxf5
22. Qxd6 Qxd6 23. Rxd6 Bc6 24. Rxd8 Rxd8 25. exf5 Rd2 26. Nd5 Bxd5 27. cxd5 Bh6
28. Ne3 Kf8 29. Rg2 Nc7 30. Ng4 Bf4 31. Nf6 Nxd5 32. Nxh7+ Kf7 33. Bh5+ Ke7 34.
Rg7+ Kd6 35. f6 Nxf6 36. Nxf6 Rxb2 37. Ne4+ Kd5 38. Bf3 b5 39. Rg6 b4 40. Rd6+
Kc4 41. Be2+ Kb3 42. Nxc5+ Kxa3 43. Ra6 Rb1+ 44. Kg2 b3 45. Rxa5+ Kb4 46. Rb5+
Kc3 47. Bd3 Rd1 48. Rxb3+ Kd4 49. Rb5 e4 50. Ne6+ Kxd3 51. Rd5+ 1-0

[Event "XX Miedzynarodowy Turniej Szachowy"]
[Site "XX Miedzynarodowy Turniej Szac"]
[Date "2013.07.16"]
[Round "9.9"]
[White "Rozycki, Bartlomiej"]
[Black "Sobczynski, Roman"]
[Result "1-0"]
[WhiteElo "2064"]
[BlackElo "1880"]
[PlyCount "43"]
[EventDate "2013.??.??"]

1. e4 c5 2. Nf3 d6 3. d4 cxd4 4. Nxd4 Nf6 5. Nc3 a6 6. f4 e5 7. Nf3 Qc7 8. Bd3
Be7 9. a4 Be6 10. O-O Nbd7 11. Kh1 O-O 12. Qe1 exf4 13. Bxf4 Ne5 14. Nd4 Qc5
15. Be3 Nxd3 16. cxd3 Qh5 17. Nf5 Rfe8 18. Bd4 Ng4 19. Qg3 Bxf5 20. Rxf5 Qg6
21. Nd5 Rac8 22. Nf4 1-0

[Event "XX Miedzynarodowy Turniej Szachowy"]
[Site "XX Miedzynarodowy Turniej Szac"]
[Date "2013.07.16"]
[Round "9.10"]
[White "Kaczmarek, Arkadiusz"]
[Black "Karpus, Michal"]
[Result "1-0"]
[WhiteElo "2027"]
[BlackElo "1764"]
[PlyCount "105"]
[EventDate "2013.??.??"]

1. d4 Nf6 2. c4 g6 3. Nc3 Bg7 4. e4 d6 5. Nf3 O-O 6. Be2 e5 7. Be3 exd4 8. Nxd4
Re8 9. f3 Nc6 10. O-O Nh5 11. Qd2 Nf4 12. Nxc6 Nxe2+ 13. Nxe2 bxc6 14. Bd4 c5
15. Bc3 Bb7 16. b3 Bc6 17. Rad1 Qb8 18. Bxg7 Kxg7 19. Qc3+ f6 20. Nf4 a5 21. a4
Qb6 22. h4 Rab8 23. Rb1 Qa6 24. g4 Qc8 25. h5 Rb4 26. Kf2 Qd7 27. Rg1 g5 28.
h6+ Kf7 29. Nd3 Rb6 30. Rbe1 Reb8 31. Nc1 Ra6 32. Re3 Qe7 33. Rh1 Qe5 34. Qd2
Ra7 35. Rh5 Rg8 36. Ne2 Qe6 37. Qd3 Rg6 38. Rh1 Rb7 39. Qd2 Ra7 40. Nc3 Qe5 41.
Rd3 Ra8 42. Nb5 Qe7 43. Rd5 Bxb5 44. cxb5 Qf8 45. b6 Rxh6 46. Rxh6 Qxh6 47. Kg2
Qf8 48. bxc7 Rc8 49. Rxd6 Rxc7 50. Rd8 Qe7 51. Qd5+ Kg7 52. Rg8+ Kh6 53. Qd1
1-0